00695nam a2200241 a 4500001001300000003000900013005001700022008004100039020002200080082001600102100002300118245002700141260004200168300000900210500003500219505001000254650001900264700002300283902000800306942000700314952011500321999001700436nice12345678IN_TiNIC20260116013759.0050524s1990 newa grp 000 0 eng  a8185738 c7000a297.24bSHA aShad, Abdur Rahman aFrom Adam to Muhammad. aNew DelhibIslamic Book Servicec1990 a206p aincludes index and biblioraphy2 aIndex aIslam-Prophets1 aShad, Abdur Rahman bSRS cBK 001040708StackRoom-aHMIbHMId2007-07-19g70.00l0o297.24 SHAp019861r2007-07-19v70.00w2005-05-24yBK c12465d12465